LEADER 00597nab a2200145 i 4500 001 000000269688 003 CaOOAMICUS 005 20080925000000.0 008 080925n xx uu u0 0und r 013 $a15698 040 $aSeMil$bita 245 10$a[SENZA TITOLO]. - [26] c. - In copertina :$bServizi disponibili on line, www.agensir.it. 500 $a24 settembre 2008 (N. 1679). 773 0 $t[2008.$dRoma : Società per l'Informazione Religiosa (SIR), stampa 2008.$w()173125 996 $6245$a[SENZA TITOLO]. - [26] c. - In copertina :$bServizi disponibili on line, www.agensir.it.$9(OLS)http://semarc/title/358549 LEADER 00632nam a2200181 i 4500 001 000000208590 003 CaOOAMICUS 005 20111123000000.0 008 111123s1842 it u000 u ita u 013 $a187375 040 $aSeMil$bita 100 1 $aThouar, Pietro.$0(OLS)http://semarc/name/3283 245 10$aParte 1. 300 $aIV, 301 p. 773 0 $aThouar, Pietro$tNuovi racconti offerti alla gioventù.$dFirenze : Gabinetto di G. P. Vieusseux, 1842$g1$w()15636 850 $aSeMil 852 $aSeMil$W1$xVenegono$y1$m1Q IV 40 FA$j159044$B159044$CSeMilBibl$Z2$F170137 $8I 996 $6245$aParte 1$9(OLS)http://semarc/title/49080